| 000 | 00448nam a22001457a 4500 | ||
|---|---|---|---|
| 003 | OSt | ||
| 008 | 251215b |||||||| |||| 00| 0 eng d | ||
| 082 |
_a746.62 _bS96D |
||
| 100 | _aSomlata | ||
| 245 | _aDevelopment of Screen-Printed Household Articles Inspired From Madhubani Painting | ||
| 260 |
_aPusa, Samastipur _bDRPCAU _c2024 |
||
| 300 | _a110 | ||
| 502 |
_aBibliography-iv, Appendix-xii _bM.Sc.(Apparel & Textile Sc.)) _d2024 |
||
| 942 |
_2ddc _cT |
||
| 999 |
_c49446 _d49446 |
||